LEADER 00850nam0-22002891i-450- 001 990000512820403321 005 20080618131441.0 035 $a000051282 035 $aFED01000051282 035 $a(Aleph)000051282FED01 035 $a000051282 100 $a20020821d1958----km-y0itay50------ba 101 0 $aeng 105 $aa-------001yy 200 1 $aProgramming for an automatic digital calculator$fKathleen H. V. Booth 210 $aLondon$cButterworths scientific publications$d1958 215 $a238 p.$cill.$d23 cm 610 0 $aProgrammazione 676 $a005.1 700 1$aBooth,$bKathleen H.V.$045073 801 0$aIT$bUNINA$gRICA$2UNIMARC 901 $aBK 912 $a990000512820403321 952 $a10 P.T. 19$b41 CCE$fDINEL 959 $aDINEL 996 $aProgramming for an automatic digital calculator$9330521 997 $aUNINA LEADER 04132nam 22007575 450 001 9910781880503321 005 20190708092533.0 010 $a1-283-21140-8 010 $a9786613211408 010 $a0-8122-0111-6 024 7 $a10.9783/9780812201116 035 $a(CKB)2550000000051202 035 $a(SSID)ssj0000542927 035 $a(PQKBManifestationID)11330272 035 $a(PQKBTitleCode)TC0000542927 035 $a(PQKBWorkID)10518718 035 $a(PQKB)10518726 035 $a(OCoLC)759158209 035 $a(MdBmJHUP)muse3169 035 $a(DE-B1597)448964 035 $a(OCoLC)979630798 035 $a(DE-B1597)9780812201116 035 $a(MiAaPQ)EBC3441490 035 $a(PPN)256833753 035 $a(EXLCZ)992550000000051202 100 $a20190708d2010 fg 101 0 $aeng 135 $aurcn||||||||| 181 $ctxt 182 $cc 183 $acr 200 10$aAfrican Constitutionalism and the Role of Islam /$fAbdullahi Ahmed An-Na'im 210 1$aPhiladelphia : $cUniversity of Pennsylvania Press, $d[2010] 210 4$dİ2007 215 $axii, 199 p 225 0 $aPennsylvania Studies in Human Rights 300 $aBibliographic Level Mode of Issuance: Monograph 311 $a0-8122-3962-8 320 $aIncludes bibliographical references ( p.187-194) and index. 327 $t Frontmatter -- $tContents -- $tPreface -- $tChapter 1. Toward an Inclusive Theory of Constitutionalism -- $tChapter 2. Elements of African Constitutionalism -- $tChapter 3. Evaluating Experiences in Incremental Success -- $tChapter 4. The Contingent Role of Islam -- $tChapter 5. Islam and Constitutionalism in Sudan, Nigeria, and Senegal -- $tChapter 6. Conclusions: Sustainable Constitutionalism Through Practice -- $tReferences -- $tIndex 330 $aConstitutionalism is steadily becoming the prevalent form of governance in Africa. But how does constitutionalism deal with the lingering effects of colonialism? And how does constitutional law deal with Islamic principles in the region? African Constitutionalism and the Role of Islam seeks to answer these questions. Constitutional governance has not been, nor will be, easily achieved, Abdullahi Ahmed An-Na'im argues. But setbacks and difficulties are to be expected in the process of adaptation and indigenization of an essentially alien concept-that of of nation-state-and its role in large-scale political and social organization.An-Na'im discusses the problems of implementing constitutionalized forms of government specific to Africa, from definitional to conceptual and practical issues. The role of Islam in these endeavors is open to challenge and reformulation, and should not be taken for granted or assumed to be necessarily negative or positive, An-Na'im asserts, and he emphasizes the role of the agency of Muslims in the process of adapting constitutionalism to the values and practices of their own societies. By examining the incremental successes that some African nations have already achieved and An-Na'im reveals the contingent role that Islam has to play in this process. Ultimately, these issues will determine the long-term sustainability of constitutionalism in Africa. 410 0$aPennsylvania studies in human rights. 606 $aIslam and state 606 $aConstitutional law (Islamic law) 606 $aConstitutional law$zAfrica$xPhilosophy 606 $aConstitutional law$zAfrica 608 $aElectronic books. 610 $aAfrican Studies. 610 $aAsian Studies. 610 $aHuman Rights. 610 $aLaw. 610 $aMiddle Eastern Studies. 610 $aPolitical Science. 610 $aReligious Studies. 615 0$aIslam and state. 615 0$aConstitutional law (Islamic law) 615 0$aConstitutional law$xPhilosophy. 615 0$aConstitutional law 676 $a342.6 700 $aAn-Na'im$b Abdullahi Ahmed, $0285813 801 0$bDE-B1597 801 1$bDE-B1597 906 $aBOOK 912 $a9910781880503321 996 $aAfrican constitutionalism and the role of Islam$91327948 997 $aUNINA LEADER 04089nam 2200889 450 001 9910811885203321 005 20230807221115.0 010 $a0-271-06735-7 024 7 $a10.1515/9780271067353 035 $a(CKB)3710000000450484 035 $a(SSID)ssj0001519976 035 $a(PQKBManifestationID)12645101 035 $a(PQKBTitleCode)TC0001519976 035 $a(PQKBWorkID)11521529 035 $a(PQKB)11224545 035 $a(MiAaPQ)EBC6224665 035 $a(DE-B1597)583938 035 $a(DE-B1597)9780271067353 035 $a(OCoLC)1253313866 035 $a(EXLCZ)993710000000450484 100 $a20200930d2015 uy 0 101 0 $aeng 135 $aurcnu|||||||| 181 $ctxt 182 $cc 183 $acr 200 10$aPosters for peace $evisual rhetoric & civic action /$fThomas W. Benson 210 1$aUniversity Park, Pennsylvania :$cPennsylvania State University Press,$d[2015] 210 4$dİ2015 215 $a1 online resource (x, 214 pages) $cillustrations 300 $aBibliographic Level Mode of Issuance: Monograph 311 $a0-271-06586-9 320 $aIncludes bibliographical references (pages 191-205) and index. 327 $tFrontmatter -- $tContents -- $tPreface -- $tAcknowledgments -- $tPosters for Peace -- $tPosters for Peace: Visual Rhetoric and Civic Action -- $tA Time to Kill, and a Time to Heal -- $tBe Young and Shut Up -- $tPeace Is Patriotic -- $tWe Are Exporting Democracy -- $tThe Berkeley peace posters in the Penn State University Collection -- $tPlates -- $tNotes -- $tSources -- $tIndex 330 $aBy the spring of 1970, Americans were frustrated by continuing war in Vietnam and turmoil in the inner cities. Students on American college campuses opposed the war in growing numbers and joined with other citizens in ever-larger public demonstrations against the war. Some politicians?including Ronald Reagan, Spiro Agnew, and Richard Nixon?exploited the situation to cultivate anger against students. At the University of California at Berkeley, student leaders devoted themselves, along with many sympathetic faculty, to studying the war and working for peace. A group of art students designed, produced, and freely distributed thousands of antiwar posters. Posters for Peace tells the story of those posters, bringing to life their rhetorical iconography and restoring them to their place in the history of poster art and political street art. The posters are vivid, simple, direct, ironic, and often graphically beautiful. Thomas Benson shows that the student posters from Berkeley appealed to core patriotic values and to the legitimacy of democratic deliberation in a democracy?even in a time of war. 606 $aPolitical posters, American$zCalifornia$zBerkeley$xHistory$y20th century 606 $aVietnam War, 1961-1975$xProtest movements$zCalifornia$zBerkeley$vPosters 607 $aUnited States$xPolitics and government$y1969-1974$vPosters 610 $a1960s. 610 $aAntiwar. 610 $aAtelier Populaire. 610 $aBerkeley. 610 $aDeliberation. 610 $aDissent. 610 $aGraffiti. 610 $aGraphic art. 610 $aIraq War. 610 $aKent State. 610 $aNew Deal. 610 $aParis 1968. 610 $aParis. 610 $aPeace. 610 $aPeople?s Park. 610 $aPolitical posters. 610 $aPosters. 610 $aProtest. 610 $aRhetoric. 610 $aRichard M. Nixon. 610 $aRome. 610 $aSilk screen. 610 $aSpiro T. Agnew. 610 $aStreet art. 610 $aStudents. 610 $aVietnam War. 610 $aVisual Rhetoric. 610 $aWar. 615 0$aPolitical posters, American$xHistory 615 0$aVietnam War, 1961-1975$xProtest movements 676 $a959.70431 700 $aBenson$b Thomas W.$0709735 801 0$bMiAaPQ 801 1$bMiAaPQ 801 2$bMiAaPQ 906 $aBOOK 912 $a9910811885203321 996 $aPosters for peace$94025698 997 $aUNINA